Online Catalogue and eLibrary

History of freedom movement in Tamil Nadu (Record no. 5969)

MARC details
000 -LEADER
fixed length control field 00643cam a2200217 a 4500
001 - CONTROL NUMBER
control field 668378
005 - DATE AND TIME OF LATEST TRANSACTION
control field 20250129234949.0
008 - FIXED-LENGTH DATA ELEMENTS--GENERAL INFORMATION
fixed length control field 950112s1988 ii 000 0 eng
020 ## - INTERNATIONAL STANDARD BOOK NUMBER
ISBN 8170901146
040 ## - CATALOGING SOURCE (பட்டியலாக்க மூலம்)
Original cataloging agency DLC
Transcribing agency DLC
Modifying agency DLC
082 ## - DDC Classification
DDC Edition Number 22
Class No. 954
Item Number - Author Mark HIS
100 1# - MAIN ENTRY--PERSONAL NAME
Personal name Sivagnanam, po. ma. Dr
245 10 - TITLE STATEMENT
Title History of freedom movement in Tamil Nadu
Remainder of title Vidutalai poril Tamilakam
Statement of responsibility, etc. by Ma. Po. Sivagnanam ; translation by K. Chellappan.
250 ## - EDITION STATEMENT
Edition statement 1st.
260 ## - PUBLICATION, DISTRIBUTION, ETC.
Place of publication, distribution, etc. Thanjavur :
Name of publisher, distributor, etc. Tamil University,
Date of publication, distribution, etc. 1988.
300 ## - PHYSICAL DESCRIPTION
Extent (e.g. Volumes, Pages etc.) xvi, 371 p. ;
490 1# - SERIES STATEMENT
Series statement Tamil University publication ;
650 #0 - SUBJECT ADDED ENTRY--TOPICAL TERM
Topical term or geographic name entry element Nationalism
650 #0 - SUBJECT ADDED ENTRY--TOPICAL TERM
Topical term or geographic name entry element History
942 ## - Koha item type (Biblio)
Koha item type Books in Stacks (Lending)
Holdings
Lost status Damaged status Collection code Home library Current library Date acquired Full call number Accession Number Item type
    Lending WERC Library WERC Library 01/30/2025 954 HIS 954 Books in Stacks (Lending)

© WERC Library